[Event "4NCL Division 3s"]
[Site "Daventry Court ENG"]
[Date "2015.02.15"]
[Round "6.157"]
[White "Majer, Chris"]
[Black "Mossong, Hubert"]
[Result "0-1"]
[WhiteElo "1953"]
[BlackElo "2097"]
[PlyCount "72"]
[EventDate "2015.02.15"]
[WhiteTeam "MK Phoenix 2"]
[BlackTeam "Leeds University Old Boys"]

1. e4 d6 2. d4 Nf6 3. Nc3 c6 4. f4 Qa5 5. Bd3 e5 6. Nf3 Bg4 7. Be3 Nbd7 8. h3
Bh5 9. f5 Bxf3 10. Qxf3 exd4 11. Bxd4 Ne5 12. Qe2 Be7 13. O-O-O b5 14. g4 Nfd7
15. Rhg1 b4 16. Nb1 c5 17. Bxe5 Bg5+ 18. Rd2 Nxe5 19. Bb5+ Ke7 20. h4 Bxd2+ 21.
Nxd2 Qxa2 22. Rg3 a6 23. Bc4 Qa1+ 24. Nb1 Kd7 25. g5 a5 26. Bd5 Ra7 27. Qb5+
Kc7 28. g6 hxg6 29. fxg6 f6 30. Rh3 Rb8 31. Qf1 a4 32. Qf5 a3 33. Qe6 a2 34.
Qe7+ Nd7 35. Bxa2 Rxa2 36. Rd3 Qxb2+ 0-1

[Event "4NCL Division 3s"]
[Site "Daventry Court ENG"]
[Date "2015.02.15"]
[Round "6.159"]
[White "Matthews, Adrian"]
[Black "Taylor, Mark"]
[Result "1/2-1/2"]
[WhiteElo "1886"]
[BlackElo "2068"]
[PlyCount "52"]
[EventDate "2015.02.15"]
[WhiteTeam "MK Phoenix 2"]
[BlackTeam "Leeds University Old Boys"]

1. e4 e6 2. d4 d5 3. e5 c5 4. c3 Nc6 5. Nf3 Bd7 6. Bd3 cxd4 7. cxd4 Qb6 8. O-O
Nxd4 9. Nxd4 Qxd4 10. Qe2 Ne7 11. Nc3 a6 12. Kh1 Nc6 13. Be3 Qb4 14. a3 Qb3 15.
Bc1 Qb6 16. f4 g6 17. b4 Qd8 18. Bb2 Rg8 19. Qf2 Bg7 20. Rfe1 Ne7 21. Ne2 h5
22. Nd4 Nf5 23. Nxf5 gxf5 24. Bd4 Rc8 25. Bb6 Qe7 26. Bc5 Qd8 1/2-1/2

[Event "4NCL Division 3s"]
[Site "Daventry Court ENG"]
[Date "2015.02.15"]
[Round "6.165"]
[White "Wooldridge, Leon M"]
[Black "Gordon-Brown, Alexander J"]
[Result "0-1"]
[WhiteElo "2085"]
[BlackElo "2045"]
[PlyCount "68"]
[EventDate "2015.02.15"]
[WhiteTeam "KJCA Knights"]
[BlackTeam "Cambridge University 3"]

1. Nf3 Nf6 2. c4 e6 3. g3 d5 4. Bg2 c6 5. O-O Bd6 6. d4 Nbd7 7. Nc3 O-O 8. b3
Rb8 9. a4 Qa5 10. c5 Bxc5 11. Bf4 Ra8 12. dxc5 Qxc3 13. Bd6 Re8 14. a5 Ne4 15.
Rc1 Qxa5 16. Bf4 e5 17. b4 Qc7 18. Nxe5 Nxe5 19. Bxe4 dxe4 20. Rc4 Bh3 21. Re1
e3 22. f3 Qd7 23. Rd4 Qe7 24. Qc2 Ng6 25. Re4 Qf6 26. Bxe3 Bf5 27. Rxe8+ Rxe8
28. Qd2 Rd8 29. Qc1 h6 30. Bf2 Ne5 31. Rd1 Be6 32. Rxd8+ Qxd8 33. Kg2 Qd7 34.
Qf4 Bh3+ 0-1

[Event "4NCL Division 3s"]
[Site "Daventry Court ENG"]
[Date "2015.02.15"]
[Round "6.166"]
[White "Campbell, Mark C"]
[Black "Anilkumar, Anantha P (jnr)"]
[Result "1/2-1/2"]
[WhiteElo "1957"]
[BlackElo "1889"]
[PlyCount "66"]
[EventDate "2015.02.15"]
[WhiteTeam "Cambridge University 3"]
[BlackTeam "KJCA Knights"]

1. e4 c5 2. Nf3 d6 3. d4 cxd4 4. Nxd4 Nf6 5. Nc3 g6 6. Be3 Bg7 7. f3 O-O 8. Qd2
Nc6 9. O-O-O d5 10. Qe1 e5 11. Nxc6 bxc6 12. exd5 cxd5 13. Bg5 Be6 14. Qxe5 h6
15. Bxf6 Bxf6 16. Qe1 Qb6 17. Bd3 Rab8 18. b3 Qa5 19. Na4 Bg5+ 20. Rd2 Bxd2+
21. Qxd2 Qxd2+ 22. Kxd2 Kg7 23. Nc3 Kf6 24. Re1 Rfd8 25. Nb5 Rd7 26. Nd4 Rb6
27. a4 a5 28. Bb5 Rc7 29. Bd3 Re7 30. g4 Bd7 31. Rg1 g5 32. Rg2 Ke5 33. Re2+
Kf6 1/2-1/2

[Event "4NCL Division 3s"]
[Site "Daventry Court ENG"]
[Date "2015.02.15"]
[Round "6.167"]
[White "Green, Michael"]
[Black "Chan, Nevil"]
[Result "1/2-1/2"]
[WhiteElo "1869"]
[BlackElo "2015"]
[PlyCount "31"]
[EventDate "2015.02.15"]
[WhiteTeam "KJCA Knights"]
[BlackTeam "Cambridge University 3"]

1. e4 Nc6 2. Nc3 Nf6 3. d4 d5 4. e5 Nd7 5. Nge2 Nb6 6. Ng3 Be6 7. Be2 Qd7 8.
O-O g6 9. f4 Bf5 10. a3 Bg7 11. Nxf5 gxf5 12. Be3 e6 13. b3 a6 14. Bf3 O-O 15.
Kh1 Kh8 16. Ne2 1/2-1/2

[Event "4NCL Division 3s"]
[Site "Daventry Court ENG"]
[Date "2015.02.15"]
[Round "6.168"]
[White "Ivanov, George"]
[Black "Hand, Freddie"]
[Result "0-1"]
[WhiteElo "1816"]
[BlackElo "1747"]
[PlyCount "60"]
[EventDate "2015.02.15"]
[WhiteTeam "Cambridge University 3"]
[BlackTeam "KJCA Knights"]

1. e4 e5 2. Nf3 Nf6 3. Nc3 Nc6 4. Bc4 Nxe4 5. Nxe4 d5 6. Bd3 dxe4 7. Bxe4 Bd6
8. O-O O-O 9. d3 Bg4 10. c3 f5 11. Qb3+ Kh8 12. Bd5 Na5 13. Qa4 c6 14. Be6 b5
15. Qc2 Qe8 16. Bb3 Qh5 17. Ng5 Nxb3 18. axb3 h6 19. Ne6 Rf6 20. f3 e4 21. Bf4
exf3 22. Bxd6 Rxe6 23. gxf3 Bh3 24. Bg3 Bxf1 25. Rxf1 Rae8 26. Qf2 Re2 27. Qxa7
Qh3 28. Bf2 R8e6 29. Qb8+ Kh7 30. Qg3 Rg6 0-1

[Event "4NCL Division 3s"]
[Site "Daventry Court ENG"]
[Date "2015.02.15"]
[Round "6.169"]
[White "Mao, Ximan"]
[Black "Breed, Greg"]
[Result "0-1"]
[WhiteElo "1713"]
[BlackElo "1755"]
[PlyCount "76"]
[EventDate "2015.02.15"]
[WhiteTeam "KJCA Knights"]
[BlackTeam "Cambridge University 3"]

1. d4 Nf6 2. c4 e6 3. Nc3 b6 4. Bg5 Bb4 5. a3 Bxc3+ 6. bxc3 h6 7. Bh4 Bb7 8. e3
O-O 9. Nf3 d5 10. Bd3 Nbd7 11. O-O c5 12. Rc1 Qe7 13. Ne5 g5 14. Nxd7 Nxd7 15.
Bg3 dxc4 16. Bxc4 cxd4 17. exd4 Rfc8 18. Qb3 Nf6 19. Bd3 Ne4 20. Bxe4 Bxe4 21.
Rfe1 Qb7 22. f3 Bg6 23. h4 Qe7 24. hxg5 Qxg5 25. Be5 h5 26. f4 Qg4 27. Qb2 Rc4
28. Qf2 Rac8 29. Re3 Kf8 30. Bd6+ Ke8 31. f5 Bxf5 32. Bf4 Rxd4 33. Rxe6+ Bxe6
34. Qxd4 Rc4 35. Qh8+ Kd7 36. Be5 Bd5 37. Qg7 Qe2 38. Bd4 Rxd4 0-1

[Event "4NCL Division 3s"]
[Site "Daventry Court ENG"]
[Date "2015.02.15"]
[Round "6.170"]
[White "Ivanov, Elizabeth"]
[Black "Green, Emily"]
[Result "0-1"]
[WhiteElo "1541"]
[BlackElo "1605"]
[PlyCount "64"]
[EventDate "2015.02.15"]
[WhiteTeam "Cambridge University 3"]
[BlackTeam "KJCA Knights"]

1. e4 e5 2. Nf3 Nc6 3. Bc4 Bc5 4. c3 Nf6 5. O-O O-O 6. d4 exd4 7. cxd4 Bb4 8.
Bg5 h6 9. Bh4 g5 10. Nxg5 hxg5 11. Bxg5 Be7 12. e5 Nh7 13. Bh6 d5 14. Bb3 Re8
15. Qd3 Qd7 16. Bc2 Nf8 17. Bxf8 Kxf8 18. Qh7 Qg4 19. f4 Nxd4 20. Bd1 Qg7 21.
Qd3 Bc5 22. Kh1 Bf5 23. Qc3 Bb6 24. Nd2 Rad8 25. Nf3 Nxf3 26. Rxf3 d4 27. Qd2
Qh7 28. Rg3 c5 29. Rg5 Re6 30. g4 Be4+ 31. Kg1 Rg6 32. Rh5 Qxh5 0-1

[Event "4NCL Division 3s"]
[Site "Daventry Court ENG"]
[Date "2015.02.15"]
[Round "6.176"]
[White "Mercs, Peter"]
[Black "Pink, Joshua"]
[Result "1-0"]
[WhiteElo "2066"]
[BlackElo "1819"]
[PlyCount "85"]
[EventDate "2015.02.15"]
[WhiteTeam "Ashfield-Breadsall"]
[BlackTeam "Throw in the Tal"]

1. e4 d6 2. d4 f5 3. exf5 Bxf5 4. Nf3 g6 5. Bd3 Qd7 6. h3 Bg7 7. g4 Bxd3 8.
Qxd3 Nc6 9. Nc3 O-O-O 10. Be3 Nb4 11. Qe2 Nf6 12. O-O-O Nbd5 13. Nxd5 Nxd5 14.
Bd2 Rde8 15. c4 Nb6 16. b3 e5 17. dxe5 Bxe5 18. Nxe5 Rxe5 19. Qd3 Rhe8 20. Rhe1
Qf7 21. Rxe5 Rxe5 22. f4 Re8 23. f5 gxf5 24. Rf1 Qg7 25. Qxf5+ Nd7 26. Kc2 Rf8
27. Qe6 Qg6+ 28. Qxg6 hxg6 29. Rxf8+ Nxf8 30. Kd3 Ne6 31. Be3 Kd7 32. a4 c6 33.
Ke4 a6 34. a5 c5 35. h4 Ke7 36. h5 Kf7 37. hxg6+ Kxg6 38. Kd5 Kf6 39. Kxd6 Nd4
40. Kxc5 Nxb3+ 41. Kb4 Na1 42. Kc3 Ke5 43. g5 1-0

[Event "4NCL Division 3s"]
[Site "Daventry Court ENG"]
[Date "2015.02.15"]
[Round "6.177"]
[White "Goodwin, Ed H"]
[Black "Toothill, Andrew"]
[Result "1/2-1/2"]
[WhiteElo "1820"]
[BlackElo "1986"]
[PlyCount "66"]
[EventDate "2015.02.15"]
[WhiteTeam "Throw in the Tal"]
[BlackTeam "Ashfield-Breadsall"]

1. d4 Nf6 2. Nf3 g6 3. Bf4 Bg7 4. e3 d6 5. h3 O-O 6. Bc4 b6 7. O-O Bb7 8. Nbd2
Nbd7 9. c3 d5 10. Be2 e6 11. Rc1 Rc8 12. Qa4 a6 13. Ne5 Nxe5 14. Bxe5 Nd7 15.
Bxg7 Kxg7 16. Nf3 c5 17. Rfd1 c4 18. Qc2 Qe7 19. Qd2 f6 20. Ne1 b5 21. f3 Rcd8
22. Nc2 Rfe8 23. Rf1 e5 24. Rce1 exd4 25. exd4 Qd6 26. Bd1 Nf8 27. Rxe8 Rxe8
28. Re1 Re6 29. Qf2 Qf4 30. Rxe6 Nxe6 31. Qe3 Kf7 32. Qxf4 Nxf4 33. Ne1 Bc8
1/2-1/2

[Event "4NCL Division 3s"]
[Site "Daventry Court ENG"]
[Date "2015.02.15"]
[Round "6.178"]
[White "Burke, Steve"]
[Black "McCann, John"]
[Result "1/2-1/2"]
[WhiteElo "1946"]
[BlackElo "1779"]
[PlyCount "47"]
[EventDate "2015.02.15"]
[WhiteTeam "Ashfield-Breadsall"]
[BlackTeam "Throw in the Tal"]

1. e4 e5 2. Nf3 Nf6 3. d3 Nc6 4. c4 Bc5 5. h3 h6 6. Nc3 O-O 7. a3 a5 8. Be2 d6
9. g4 Nh7 10. Nd5 Nd4 11. Nxd4 Bxd4 12. Rb1 c6 13. Ne3 Qh4 14. Rh2 g6 15. Bf1
Ng5 16. Qe2 Bxe3 17. Bxe3 Re8 18. Bxg5 Qxg5 19. Qe3 Qh4 20. Qg3 Qxg3 21. fxg3
Kg7 22. Rf2 Re6 23. Bg2 c5 24. b3 1/2-1/2

[Event "4NCL Division 3s"]
[Site "Daventry Court ENG"]
[Date "2015.02.15"]
[Round "6.179"]
[White "Weaver, Simon"]
[Black "Jarvis, Derek"]
[Result "0-1"]
[WhiteElo "1623"]
[BlackElo "1901"]
[PlyCount "132"]
[EventDate "2015.02.15"]
[WhiteTeam "Throw in the Tal"]
[BlackTeam "Ashfield-Breadsall"]

1. e4 e6 2. d4 d5 3. Nc3 Nf6 4. Bg5 dxe4 5. Nxe4 Nbd7 6. Nf3 h6 7. Nxf6+ Nxf6
8. Bh4 Be7 9. Bd3 O-O 10. O-O c5 11. c3 cxd4 12. Nxd4 a6 13. Qf3 Qd5 14. Rfe1
Qxf3 15. Nxf3 Rd8 16. Rad1 Bd7 17. Ne5 Be8 18. Rd2 g5 19. Bg3 Nh5 20. Kh1 Nxg3+
21. fxg3 Bf6 22. Ng4 Bg7 23. Red1 Kf8 24. Bc2 Rxd2 25. Rxd2 Bc6 26. h4 Ke7 27.
h5 f5 28. Ne3 Rd8 29. Re2 Kf6 30. Rf2 Bf8 31. Ng4+ Kg7 32. Ne5 Bc5 33. Re2 Bb5
34. c4 Be8 35. Nd3 Bf8 36. Rxe6 Bxh5 37. Ne5 Re8 38. Bxf5 Rxe6 39. Bxe6 Kf6 40.
Nd7+ Kxe6 41. Nxf8+ Ke7 42. Nh7 Bg6 43. Nxg5 hxg5 44. Kg1 Bd3 45. c5 Ke6 46.
Kf2 Kd5 47. Ke3 Bb1 48. a3 Kxc5 49. b4+ Kc4 50. Kf3 Bf5 51. g4 Bg6 52. Ke3 Kb3
53. Kd4 Kxa3 54. Ke5 Kxb4 55. Kf6 Bc2 56. Kxg5 a5 57. Kf6 a4 58. g5 a3 59. g6
a2 60. g7 a1=Q+ 61. Kf7 Qf1+ 62. Kg8 Qxg2 63. Kf8 Bb3 64. Ke8 Qxg7 65. Kd8 Be6
66. Ke8 Qd7+ 0-1

[Event "4NCL Division 3s"]
[Site "Daventry Court ENG"]
[Date "2015.02.15"]
[Round "6.180"]
[White "Taylor, Bob"]
[Black "Harris, John"]
[Result "1-0"]
[WhiteElo "1910"]
[BlackElo "1424"]
[PlyCount "109"]
[EventDate "2015.02.15"]
[WhiteTeam "Ashfield-Breadsall"]
[BlackTeam "Throw in the Tal"]

1. d4 Nf6 2. Bg5 c5 3. d5 Qb6 4. b3 Ne4 5. Bf4 Qf6 6. f3 Nf2 7. Kxf2 Qxa1 8. a4
Qd4+ 9. Qxd4 cxd4 10. Be5 d6 11. Bxd4 Nd7 12. e4 Nf6 13. Bd3 e5 14. Be3 Be7 15.
Ne2 O-O 16. Nec3 Bd7 17. Na3 a6 18. a5 Ne8 19. Nc4 Bd8 20. Bb6 f5 21. Be3 Rc8
22. Ke2 f4 23. Bb6 Be7 24. Bf2 Bd8 25. Bb6 g5 26. Bxd8 Rxd8 27. Nb6 Nf6 28. Na2
g4 29. Nb4 Rf7 30. c4 gxf3+ 31. gxf3 Rg7 32. Kf2 Bh3 33. Bf1 Bxf1 34. Kxf1 Kf7
35. Nd3 h5 36. c5 Rg5 37. cxd6 Rxd6 38. Nc5 Rxb6 39. axb6 Ke7 40. Nxb7 Ne8 41.
b4 Rg6 42. Na5 Rxb6 43. Nc6+ Kf6 44. Rg1 a5 45. bxa5 Rb1+ 46. Kg2 Rb2+ 47. Kh3
Rb3 48. Rf1 Nd6 49. Kg2 Nc4 50. Ra1 Ne3+ 51. Kh1 Nc2 52. Rc1 Rb2 53. a6 Ra2 54.
a7 h4 55. Rxc2 1-0

[Event "4NCL Division 3s"]
[Site "Daventry Court ENG"]
[Date "2015.02.15"]
[Round "6.99"]
[White "Manelidou, Maria"]
[Black "Truran, Mike"]
[Result "0-1"]
[WhiteElo "2067"]
[BlackElo "2184"]
[PlyCount "56"]
[EventDate "2015.02.15"]

1. e4 c5 2. Nf3 Nc6 3. Bb5 g6 4. O-O Bg7 5. c3 e5 6. Re1 Nge7 7. d3 O-O 8. Be3
d6 9. Na3 a6 10. Bxc6 Nxc6 11. d4 cxd4 12. cxd4 Bg4 13. d5 Nd4 14. Bxd4 exd4
15. h3 Bxf3 16. Qxf3 Rc8 17. Rad1 f5 18. Qb3 Qh4 19. exf5 Rxf5 20. Re2 Rcf8 21.
Rdd2 Bh6 22. g3 Qxh3 23. Rxd4 Rh5 24. Rh4 Rxh4 25. gxh4 Qg4+ 26. Kf1 Qxh4 27.
Rc2 Qh1+ 28. Ke2 Re8+ 0-1

[Event "4NCL Division 3s"]
[Site "Daventry Court ENG"]
[Date "2015.02.15"]
[Round "6.99"]
[White "Asenov, Pavel"]
[Black "Harborne, Matthew J"]
[Result "1/2-1/2"]
[WhiteElo "1982"]
[BlackElo "2142"]
[PlyCount "33"]
[EventDate "2015.02.15"]

1. d4 Nf6 2. c4 c5 3. d5 b5 4. f3 bxc4 5. e4 d6 6. Bxc4 g6 7. Ne2 Bg7 8. Nbc3
O-O 9. O-O Ba6 10. Bxa6 Nxa6 11. Be3 Qa5 12. a3 Nc7 13. Qd3 Qa6 14. Qd2 Nd7 15.
b4 Nb5 16. Qd3 Nc7 17. Qd2 1/2-1/2

[Event "4NCL Division 3s"]
[Site "Daventry Court ENG"]
[Date "2015.02.15"]
[Round "6.99"]
[White "Ashworth, Michael J"]
[Black "Holton, Jake"]
[Result "1-0"]
[WhiteElo "1885"]
[BlackElo "1563"]
[PlyCount "105"]
[EventDate "2015.02.15"]

1. d4 d5 2. c4 c6 3. Nf3 Nf6 4. Nc3 dxc4 5. a4 Bf5 6. e3 e6 7. Bxc4 Bb4 8. O-O
O-O 9. Qe2 Nbd7 10. e4 Bg6 11. e5 Nd5 12. Bd2 Be7 13. Bd3 Bxd3 14. Qxd3 Nb4 15.
Qe4 Nb6 16. Qg4 Kh8 17. b3 c5 18. dxc5 N6d5 19. Ne4 Nd3 20. Neg5 h6 21. Qe4
hxg5 22. Qxd3 Nf4 23. Qe4 Nd3 24. Nxg5 Bxg5 25. Bxg5 Qxg5 26. Qxd3 Qxe5 27. b4
Qf4 28. Rfe1 Rfd8 29. Qe4 Qxe4 30. Rxe4 Rd2 31. Rc1 Rad8 32. g3 Ra2 33. b5 Rad2
34. Rec4 Rc8 35. c6 bxc6 36. Rxc6 Rcd8 37. Rc7 R2d7 38. Kg2 Kg8 39. Rxd7 Rxd7
40. Rc8+ Kh7 41. Kf3 Kg6 42. Rc5 Kf6 43. Ke4 Ke7 44. a5 Rb7 45. Kd4 Kd7 46. Kc4
Kd6 47. Rc6+ Ke5 48. b6 axb6 49. axb6 Kf6 50. Kc5 Rd7 51. Rd6 Rb7 52. Kc6 Rb8
53. Kc7 1-0

[Event "4NCL Division 3s"]
[Site "Daventry Court ENG"]
[Date "2015.02.15"]
[Round "6.99"]
[White "Gentry, Alan"]
[Black "Munshi, Aditya"]
[Result "0-1"]
[WhiteElo "1827"]
[BlackElo "1548"]
[PlyCount "70"]
[EventDate "2015.02.15"]

1. d4 d5 2. c4 c6 3. Nf3 Nf6 4. Nc3 e6 5. e3 Nbd7 6. Qc2 Bd6 7. Bd3 dxc4 8.
Bxc4 b5 9. Bd3 Bb7 10. O-O O-O 11. Rd1 Qc7 12. e4 e5 13. Be3 a6 14. h3 exd4 15.
Nxd4 c5 16. Nf5 Bh2+ 17. Kh1 c4 18. Be2 Be5 19. Qc1 Nxe4 20. Ne7+ Kh8 21. Ncd5
Bxd5 22. Nxd5 Qc6 23. Bf3 f5 24. Qc2 Ndf6 25. Nxf6 Qxf6 26. Rab1 Rac8 27. Bxe4
fxe4 28. Qxe4 Bxb2 29. Qg4 c3 30. Rd7 c2 31. Rc1 Bxc1 32. Bd4 Bf4 33. Bxf6
c1=Q+ 34. Rd1 Qxd1+ 35. Qxd1 Rc1 0-1

[Event "4NCL Division 3s"]
[Site "Daventry Court ENG"]
[Date "2015.02.15"]
[Round "6.99"]
[White "Sheremetyeva, Elizaveta"]
[Black "Kruk, Karina"]
[Result "1-0"]
[WhiteElo "1609"]
[BlackElo "1816"]
[PlyCount "63"]
[EventDate "2015.02.15"]

1. e4 e6 2. f4 d5 3. e5 c5 4. Nf3 Nc6 5. c3 Bd7 6. Bd3 Nh6 7. O-O Qb6 8. Kh1 c4
9. Bc2 Bc5 10. h3 Nf5 11. Bxf5 exf5 12. b3 a5 13. bxc4 dxc4 14. Na3 Be6 15. Ng5
Bd5 16. d4 cxd3 17. Qxd3 Ne7 18. c4 Bc6 19. Rb1 Rd8 20. Qg3 Qa6 21. Nb5 Bxb5
22. Rxb5 Rc8 23. e6 fxe6 24. Re1 Rc6 25. Bb2 h5 26. Qd3 Rg8 27. Rxc5 Rxc5 28.
Nxe6 Qxc4 29. Qd8+ Kf7 30. Ng5+ Kg6 31. Qd6+ Qe6 32. Qxe6# 1-0

[Event "4NCL Division 3s"]
[Site "Daventry Court ENG"]
[Date "2015.02.15"]
[Round "6.99"]
[White "Donaghay, Richard H"]
[Black "Chin, Francis CW"]
[Result "0-1"]
[WhiteElo "1941"]
[BlackElo "2146"]
[PlyCount "84"]
[EventDate "2015.02.15"]

1. e4 e6 2. Qe2 c5 3. Nc3 g6 4. g3 Nc6 5. Nf3 Bg7 6. Bg2 Nge7 7. d3 O-O 8. h4
h6 9. Be3 Nd4 10. Qd2 d5 11. Nd1 Kh7 12. Nh2 b6 13. h5 g5 14. c3 Ndc6 15. f4 f6
16. d4 cxd4 17. cxd4 Bb7 18. Nf2 Na5 19. b3 gxf4 20. Bxf4 e5 21. Be3 dxe4 22.
Nfg4 Nf5 23. O-O Nxe3 24. Qxe3 Qxd4 25. Rfd1 Qxe3+ 26. Nxe3 Rad8 27. b4 Nc6 28.
Bxe4+ Kh8 29. Nf3 Rxd1+ 30. Rxd1 Rd8 31. Bd5 Bf8 32. Nh4 Bxb4 33. Ng6+ Kh7 34.
Ne7 Bxe7 35. Be4+ Kh8 36. Rc1 Bc5 37. Kf2 Rd2+ 38. Kf3 Nd4+ 39. Kg4 Bxe4 40.
Rf1 f5+ 41. Kh3 Rxa2 42. Kh4 Rh2# 0-1

[Event "4NCL Division 3s"]
[Site "Daventry Court ENG"]
[Date "2015.02.15"]
[Round "6.99"]
[White "Carpenter, Dai"]
[Black "Gallagher, Daniel GH"]
[Result "0-1"]
[WhiteElo "1972"]
[BlackElo "1811"]
[PlyCount "70"]
[EventDate "2015.02.15"]

1. Nf3 c5 2. c4 Nf6 3. Nc3 Nc6 4. g3 g6 5. Bg2 Bg7 6. O-O O-O 7. d4 d6 8. d5
Na5 9. Qd3 a6 10. Rd1 Rb8 11. b3 Bf5 12. Qe3 b5 13. cxb5 axb5 14. Bb2 b4 15.
Na4 Bd7 16. Ng5 Bxa4 17. bxa4 Nc4 18. Qb3 Nxb2 19. Rdb1 c4 20. Qxb2 Ne4 21. Qc1
Nxg5 22. Qxg5 Bxa1 23. Rxa1 e5 24. Qh6 c3 25. h4 Qe7 26. h5 Ra8 27. hxg6 fxg6
28. Be4 Qf6 29. f3 Rxa4 30. Kg2 Qg7 31. Qh3 Re8 32. Qg4 b3 33. a3 b2 34. Rh1 c2
35. Rxh7 Qxh7 0-1

[Event "4NCL Division 3s"]
[Site "Daventry Court ENG"]
[Date "2015.02.15"]
[Round "6.99"]
[White "Golding, James"]
[Black "Gregory, Andrew M"]
[Result "0-1"]
[WhiteElo "1747"]
[BlackElo "1979"]
[PlyCount "54"]
[EventDate "2015.02.15"]

1. d4 d5 2. c4 c6 3. Nf3 Nf6 4. Nc3 e6 5. Bg5 Be7 6. e3 Ne4 7. Nxe4 dxe4 8.
Bxe7 Qxe7 9. Nd2 f5 10. Be2 Nd7 11. O-O O-O 12. Re1 e5 13. Bf1 exd4 14. exd4
Qd6 15. Nb1 Nf6 16. Qd2 f4 17. Nc3 Bf5 18. d5 e3 19. fxe3 fxe3 20. Qd4 Ng4 21.
g3 c5 22. Qd1 Rae8 23. Bg2 Qh6 24. h3 Nf2 25. Qa4 Bxh3 26. Bf3 Qd6 27. Ne2 Bd7
0-1

[Event "4NCL Division 3s"]
[Site "Daventry Court ENG"]
[Date "2015.02.15"]
[Round "6.99"]
[White "Dydak, Mat"]
[Black "Ramaiya, Anshu"]
[Result "1/2-1/2"]
[WhiteElo "1872"]
[BlackElo "1749"]
[PlyCount "52"]
[EventDate "2015.02.15"]

1. f4 d5 2. c3 c5 3. g3 Nc6 4. Nf3 Nf6 5. Bg2 Bf5 6. O-O e6 7. d3 Be7 8. h3 h6
9. Qe1 Qb6 10. Kh2 d4 11. Na3 Rd8 12. Nc4 Qc7 13. Nce5 Nxe5 14. Nxe5 O-O 15.
Bd2 Bd6 16. Nc4 Be7 17. Rc1 dxc3 18. Bxc3 Bh7 19. Be5 Qd7 20. Ne3 Nd5 21. Qf2
f6 22. Bc3 Nxc3 23. bxc3 b5 24. c4 b4 25. f5 Bxf5 26. Nxf5 exf5 1/2-1/2

[Event "4NCL Division 3s"]
[Site "Daventry Court ENG"]
[Date "2015.02.15"]
[Round "6.99"]
[White "Parry, Matthew"]
[Black "Davidson, Laura J"]
[Result "1-0"]
[WhiteElo "1821"]
[BlackElo "1414"]
[PlyCount "63"]
[EventDate "2015.02.15"]

1. d4 Nf6 2. c4 g6 3. Nc3 d5 4. cxd5 Nxd5 5. e4 Nxc3 6. bxc3 Bg7 7. Bc4 O-O 8.
Ne2 c5 9. O-O cxd4 10. cxd4 Nc6 11. Be3 Re8 12. Rb1 b6 13. Bb5 Bd7 14. Qa4 Nb8
15. Rfc1 Bxb5 16. Rxb5 e6 17. Bf4 Qh4 18. Rg5 Rd8 19. g3 Qh3 20. Bc7 Rf8 21.
Bd6 f6 22. Nf4 Qh6 23. Rg4 Bh8 24. Bxf8 Qxf8 25. Nxe6 b5 26. Qb3 Qf7 27. Rc8+
Qe8 28. Rxe8+ Kf7 29. Nc7+ Kg7 30. Qg8+ Kh6 31. Rh4+ Kg5 32. f4# 1-0

[Event "4NCL Division 3s"]
[Site "Daventry Court ENG"]
[Date "2015.02.15"]
[Round "6.99"]
[White "Scrimgour, Alan"]
[Black "Kennedy, Craig"]
[Result "1-0"]
[WhiteElo "2023"]
[BlackElo "1903"]
[PlyCount "53"]
[EventDate "2015.02.15"]

1. e4 b6 2. d4 Bb7 3. Bd3 g6 4. f4 f5 5. Nd2 Bg7 6. Ngf3 fxe4 7. Nxe4 e6 8. c3
Nf6 9. Neg5 Qe7 10. O-O Nc6 11. b4 O-O-O 12. a4 h6 13. Nh3 Qe8 14. a5 Nd5 15.
Bd2 d6 16. Re1 Ndxb4 17. cxb4 Nxd4 18. Nh4 Nf5 19. Nxf5 gxf5 20. Bxf5 Bxa1 21.
Qxa1 Qc6 22. Bxe6+ Kb8 23. Re2 Qb5 24. Qe1 Rde8 25. f5 Rhg8 26. Nf4 d5 27. Bxg8
1-0

[Event "4NCL Division 3s"]
[Site "Daventry Court ENG"]
[Date "2015.02.15"]
[Round "6.216"]
[White "James, Angus S"]
[Black "Foley, John P"]
[Result "1-0"]
[WhiteElo "1948"]
[BlackElo "1996"]
[PlyCount "125"]
[EventDate "2015.02.15"]
[WhiteTeam "Surbiton 2"]
[BlackTeam "BCM Rhinos [2]"]

1. e4 c6 2. d4 d5 3. exd5 cxd5 4. Bd3 Nc6 5. c3 Nf6 6. Bf4 g6 7. Nf3 Bg4 8. h3
Bxf3 9. Qxf3 Bg7 10. O-O O-O 11. Re1 a6 12. Nd2 Rc8 13. Nb3 e6 14. Bg5 h6 15.
Bh4 g5 16. Bg3 Re8 17. Re2 Qe7 18. Rae1 b5 19. a3 Nb8 20. Nc5 Rc6 21. Be5 Rd8
22. Bb1 Nbd7 23. Nxd7 Rxd7 24. Qd3 Kf8 25. Re3 Ng8 26. Bxg7+ Kxg7 27. Qh7+ Kf8
28. Rf3 f5 29. Rxf5+ exf5 30. Rxe7 Rxe7 31. Qxf5+ Nf6 32. Ba2 Kg7 33. Bxd5 Nxd5
34. Qxd5 Re1+ 35. Kh2 Rce6 36. Qb7+ Kg6 37. Qc8 h5 38. Qg8+ Kf6 39. Qh8+ Kg6
40. Qg8+ Kf6 41. Qd8+ Kg6 42. h4 gxh4 43. Qxh4 R1e2 44. d5 Rf6 45. f4 Rf5 46.
Qg3+ Kf6 47. Qd3 Re8 48. Qd4+ Kg6 49. b3 Ref8 50. g3 h4 51. c4 hxg3+ 52. Kxg3
bxc4 53. bxc4 Rb8 54. Kg4 Rff8 55. Qe4+ Kg7 56. Qe7+ Kh8 57. f5 Rbe8 58. Qh4+
Kg7 59. Kg5 Rf7 60. d6 Re5 61. Qf4 Re1 62. Qd4+ Kg8 63. d7 1-0

[Event "4NCL Division 3s"]
[Site "Daventry Court ENG"]
[Date "2015.02.15"]
[Round "6.99"]
[White "Lawson, Maurice E"]
[Black "Alcock, Graham P"]
[Result "1-0"]
[WhiteElo "1947"]
[BlackElo "1727"]
[PlyCount "105"]
[EventDate "2015.02.15"]

1. e4 e5 2. Nf3 Nc6 3. Bc4 Bc5 4. c3 d6 5. d4 exd4 6. cxd4 Bb4+ 7. Bd2 Bxd2+ 8.
Nbxd2 Nf6 9. O-O O-O 10. Re1 h6 11. Nf1 Bg4 12. Ng3 d5 13. exd5 Nxd5 14. h3
Bxf3 15. Qxf3 Nb6 16. Bb3 Qxd4 17. Rad1 Qc5 18. Nf5 Kh8 19. Qg4 Rg8 20. Qf4 g5
21. Qf3 Qf8 22. Qc3+ Kh7 23. Bc2 Rg6 24. Ng3 Re8 25. Rxe8 Qxe8 26. Nh5 Qe5 27.
Qxe5 Nxe5 28. Nf6+ Kg7 29. Ne8+ Kf8 30. Bxg6 Kxe8 31. Re1 Nbd7 32. Bf5 f6 33.
Bxd7+ Kxd7 34. Kf1 h5 35. Rd1+ Ke7 36. Ke2 Nc4 37. b3 Nd6 38. Kd3 c6 39. Re1+
Kd7 40. Re2 Nb5 41. f4 Nd6 42. fxg5 fxg5 43. Re5 Nf7 44. Ra5 a6 45. h4 b5 46.
hxg5 Nxg5 47. Rxa6 Ne6 48. Ra7+ Nc7 49. Kd4 Kd6 50. Rxc7 Kxc7 51. Kc5 Kb7 52.
g3 Kc7 53. a4 1-0

[Event "4NCL Division 3s"]
[Site "Daventry Court ENG"]
[Date "2015.02.15"]
[Round "6.218"]
[White "Fenwick, Hugh F"]
[Black "Fowler, David W"]
[Result "0-1"]
[WhiteElo "1887"]
[BlackElo "1863"]
[PlyCount "140"]
[EventDate "2015.02.15"]
[WhiteTeam "Surbiton 2"]
[BlackTeam "BCM Rhinos [2]"]

1. e4 c6 2. d4 d5 3. e5 Bf5 4. Nf3 e6 5. Be2 Nd7 6. c4 dxc4 7. Bxc4 Nb6 8. Bb3
Bg4 9. Be3 Ne7 10. O-O Nf5 11. Nbd2 Nd5 12. Qe2 Be7 13. h3 Bxf3 14. Nxf3 O-O
15. Bc2 Nfxe3 16. fxe3 Qb6 17. a3 c5 18. Qd3 g6 19. Kh1 cxd4 20. exd4 Rac8 21.
Rab1 Nf4 22. Qd2 Nh5 23. Rfd1 Rc7 24. Bd3 Rd8 25. Qe1 Rcd7 26. Bc4 Rxd4 27.
Nxd4 Rxd4 28. Qc3 Rxd1+ 29. Rxd1 Qf2 30. Qd2 Qf5 31. Qd4 Qg5 32. g4 Nf4 33. Bf1
Qh6 34. Kh2 Nd5 35. Bg2 Nf4 36. Rf1 Bg5 37. Qxa7 Ne2 38. Qb8+ Kg7 39. Rf3 Bf4+
40. Kh1 Qh4 41. Bf1 Ng3+ 42. Kg2 g5 43. Qxb7 h5 44. Qb3 Ne4 45. Rxf4 gxf4 46.
Qf3 Ng5 47. Qxf4 Qxh3+ 48. Kg1 Qh4 49. Qf6+ Kg8 50. Qd8+ Kg7 51. Qd3 hxg4 52.
Bg2 Qe1+ 53. Qf1 Qxe5 54. Qf2 g3 55. Qd2 Qc5+ 56. Kh1 Qf5 57. Qc3+ e5 58. Qxg3
f6 59. b4 e4 60. a4 Qd5 61. Qc7+ Kg6 62. Qc2 Qd4 63. b5 f5 64. Qc6+ Kh5 65. b6
Kg4 66. b7 Qa1+ 67. Kh2 Qe5+ 68. Kg1 Kg3 69. Qc1 Qd4+ 70. Kf1 Qf2# 0-1